|
|
|
|
| LEADER |
00963nam a2200253 a 4500 |
| 001 |
1164508 |
| 008 |
120103r20031997ii a 001 0 eng d |
| 035 |
|
|
|9 (DLC) 96043995
|
| 010 |
|
|
|a 96043995
|
| 020 |
|
|
|a 8178085453
|
| 020 |
|
|
|a 0023036141
|
| 040 |
|
|
|a DLC
|c DLC
|d DLC
|d BD-DhAAL
|
| 082 |
0 |
0 |
|a 004.165
|2 20
|
| 100 |
1 |
|
|a Antonakos, James L.
|
| 245 |
1 |
4 |
|a The pentium microprocessor /
|c James L. Antonakos.
|
| 260 |
|
|
|a New Delhi :Pearson Education ;
|a Upper Saddle River, N.J. :
|b Prentice Hall,
|c c1997.[reprinted2003]
|
| 300 |
|
|
|a xv, 539 p. :
|b ill. ;
|c 25 cm.
|
| 538 |
|
|
|a System requirements for accompanying computer disk: IBM PC.
|
| 500 |
|
|
|a Includes index.
|
| 541 |
1 |
|
|e 00013392
|
| 650 |
|
0 |
|a Pentium (Microprocessor)
|
| 852 |
1 |
|
|a Ayesha Abed library
|c General Shelf
|
| 999 |
|
|
|c 11721
|d 11721
|
| 952 |
|
|
|0 0
|1 0
|2 ddc
|4 0
|6 004_165000000000000_ANT
|7 0
|9 19061
|a BRACUL
|b BRACUL
|c GEN
|d 2012-01-04
|g 383.00
|l 0
|o 004.165 ANT
|p 3010013392
|r 2012-01-04
|t 1
|w 2012-01-04
|y BK
|